000 00340nam a2200157Ia 4500
003 OSt
005 20231229065038.0
008 170524s9999 xx 000 0 und d
020 _a9780071164290
040 _cIIMTU
100 _aKraus/Flisch
245 0 _aElectroniagetics with App.
260 _bMGH
260 _c1999
942 _2ddc
_c02
999 _c4853
_d4853